Ecolabel and Environmentally Friendly Product in Slovakia

Ekoznačka je celoeurópska, dobrovoľná environmentálna značka, ktorá pomáha spotrebiteľom identifikovať produkty a služby s nižším vplyvom na životné prostredie počas celého ich životného cyklu. Značka je uznávaná vo všetkých krajinách EÚ, na Islande, v Lichtenštajnsku a Nórsku a kritériá pre jej ude...

Description complète

Enregistré dans:
Détails bibliographiques
Auteur principal: Boorová, Brigita, 1979-
Format: Chapitre de livre
Langue:anglais
Sujets:
Tags: Ajouter un tag
Pas de tags, Soyez le premier à ajouter un tag!

MARC

LEADER 00000naa$a2200000$$$4500
001 0314334
005 20260319071724.8
041 0 |a eng 
044 |a SK 
245 1 0 |a Ecolabel and Environmentally Friendly Product in Slovakia  |c Brigita Boorová 
520 |a Ekoznačka je celoeurópska, dobrovoľná environmentálna značka, ktorá pomáha spotrebiteľom identifikovať produkty a služby s nižším vplyvom na životné prostredie počas celého ich životného cyklu. Značka je uznávaná vo všetkých krajinách EÚ, na Islande, v Lichtenštajnsku a Nórsku a kritériá pre jej udelenie sú založené na vedeckých dôkazoch, zahŕňajú zohľadnenie životného cyklu produktu a sú overované nezávislými tretími stranami. 
610 2 0 |a ekonómia 
610 2 0 |a manažment 
610 2 0 |a podnikanie 
610 2 0 |a digitalizácia 
610 2 0 |a financie 
100 1 |a Boorová, Brigita, 1979-